000 01130cam a2200289 4500
001 7370
003 BD-RjUL
005 20211208234415.0
008 140113s1957 ctua b 001 0 eng
035 _a(BD-RjUL)7413
040 _aDLC
_cDLC
_dDLC
_dBD-RjUL
_beng
041 _aeng
082 0 0 _a320.473
_bGOF 1957
100 1 _aGosnell, Cullen Bryant.
_923026
245 0 0 _aFundamentals of American Government :
_bnational, State, and local /
_c[by] Cullen B. Gosnell, Lane W. Lancaster [and] Robert S. Rankin.
260 _aNew York :
_bMcGraw-Hill,
_cc1957
300 _avii, 603 p. :
_billus. ;
_c24 cm.
500 _aFirst published in 1955 under title: Fundamentals of American national government.
504 _aIncludes bibliographies & Index.
651 0 _aUnited States
_xPolitics and government
_xHandbooks, manuals, etc.
_913840
700 1 _aLancaster, Lane W.,
_d1892-
_ejoint author.
_923027
700 1 _aRankin, Robert S.
_q(Robert Stanley),
_d1899-
_ejoint author.
_923028
740 _aAmerican Government.
942 _2ddc
_cBK
999 _c7370
_d7370